| 000 | 00596nam a22001817a 4500 | ||
|---|---|---|---|
| 005 | 20240430153847.0 | ||
| 010 | _aENG-140094 | ||
| 020 |
_a9789390674350 _c500.00 |
||
| 035 | _aEN-123626 | ||
| 037 | _bDBAD | ||
| 082 | _a720.00 | ||
| 100 |
_aAmrendra Kumar Singh _965260 |
||
| 245 |
_aDifferent kinds of houses in the world / _cby Amrendra Kumar Singh |
||
| 260 |
_aNew Delhi _bShree Publishers & Distributors _c2021 |
||
| 270 |
_a22/4735 Prakash Deep Building, Ansari Road, Daryaganj, _bNew Delhi _e110002 |
||
| 300 |
_a92p.: _c22cm(Pb) _bill. |
||
| 942 |
_2ddc _cEN _h720 _mAMR |
||
| 999 |
_c202122 _d202122 |
||